Универсальный оптический метод контроля динамических дисперсных потоков; Естественные и технические науки; № 5

Dades bibliogràfiques
Parent link:Естественные и технические науки.— , 2010
№ 5.— 2010.— C. 392-400
Altres autors: Корнев В. А., Бразовский В. В. Василий Владимирович, Баранов В. А. Владимир Александрович, Ивженко О. О. Оксана Олеговна, Кулешов В. К. Валерий Константинович
Sumari:С использованием скоростной цифровой камеры реализован метод компьютерной голографии для исследования дисперсного состава аэрозольных частиц в динамических процессах. Голографическая картина фиксируется с помощью осевой схемы записи на матрицу цифровой камеры и передается в ЭВМ, где осуществляется расшифровка голограммы и анализ изображения. Данный метод, в качестве его апробации применен для контроля водного аэрозоля ультразвукового генератора
В фонде НТБ ТПУ отсутствует
Idioma:rus
Publicat: 2010
Matèries:
Format: MixedMaterials Capítol de llibre
KOHA link:https://koha.lib.tpu.ru/cgi-bin/koha/opac-detail.pl?biblionumber=600825

MARC

LEADER 00000naa0a2200000 4500
001 600825
005 20250206115853.0
035 |a (RuTPU)RU\TPU\tpu\25370 
035 |a RU\TPU\tpu\25364 
090 |a 600825 
100 |a 20140701d2010 k||y0rusy50 ca 
101 0 |a rus 
102 |a RU 
200 1 |a Универсальный оптический метод контроля динамических дисперсных потоков   |f В. А. Корнев [и др.] 
330 |a С использованием скоростной цифровой камеры реализован метод компьютерной голографии для исследования дисперсного состава аэрозольных частиц в динамических процессах. Голографическая картина фиксируется с помощью осевой схемы записи на матрицу цифровой камеры и передается в ЭВМ, где осуществляется расшифровка голограммы и анализ изображения. Данный метод, в качестве его апробации применен для контроля водного аэрозоля ультразвукового генератора 
333 |a В фонде НТБ ТПУ отсутствует 
461 |t Естественные и технические науки  |d 2010 
463 |t № 5  |v C. 392-400  |d 2010 
610 1 |a труды учёных ТПУ 
701 1 |a Корнев  |b В. А. 
701 1 |a Бразовский  |b В. В.  |c научный сотрудник международной лаборатории радиационного контроля НИИ интроскопии при ТПУ  |c кандидат технических наук  |f 1983-  |g Василий Владимирович  |3 (RuTPU)RU\TPU\pers\25893 
701 1 |a Баранов  |b В. А.  |c старший научный сотрудник международной лаборатории радиационного контроля НИИ интроскопии при ТПУ  |c кандидат технических наук  |f 1943-  |g Владимир Александрович  |3 (RuTPU)RU\TPU\pers\25890 
701 1 |a Ивженко  |b О. О.  |c младший научный сотрудник международной лаборатории радиационного контроля НИИ интроскопии при ТПУ  |f 1988-  |g Оксана Олеговна  |3 (RuTPU)RU\TPU\pers\25897 
701 1 |a Кулешов  |b В. К.  |c специалист в области неразрушающего контроля  |c профессор Томского политехнического университета, доктор технических наук  |f 1939-  |g Валерий Константинович  |3 (RuTPU)RU\TPU\pers\19828 
801 1 |a RU  |b 63413507  |c 20140630 
801 2 |a RU  |b 63413507  |c 20140701  |g RCR 
942 |c CR